Handball-Bundesliga - Alle Teams - Statistiken

Allgemein
  • Dieses Quiz wurde 823 mal gespielt
  • Das Durchschnittsergebnis liegt bei 32 aus 94
Antwortstatistiken
Verein % Korrekt
THW Kiel
96%
SG Flensburg-Handewitt
90%
SC Magdeburg
84%
Füchse Berlin
83%
Rhein-Neckar Löwen
83%
HSV Hamburg
82%
TSV Hannover-Burgdorf
77%
TVB 1898 Stuttgart
76%
VfL Gummersbach
75%
TBV Lemgo
72%
MT Melsungen
69%
Frisch Auf! Göppingen
67%
HC Erlangen
64%
TSV GWD Minden
62%
HSG Wetzlar
61%
Bergischer HC
56%
Die Eulen Ludwigshafen
56%
HBW Balingen-Weilstetten
56%
ThSV Eisenach
52%
VfL Lübeck-Schwartau
51%
TV Großwallstadt
49%
SG BBM Bietigheim
47%
TUSEM Essen
47%
HC Empor Rostock
46%
SC DHfK Leipzig
46%
HSC 2000 Coburg
45%
HSG Ahlen-Hamm
45%
HSG Nordhorn-Lingen
45%
OSC Dortmund
41%
TuS N-Lübbecke
40%
HSG Düsseldorf
39%
TSV Bayer Dormagen
39%
BFV Frankfurt/Oder
37%
TV Hüttenberg
37%
SG Wallau/Massenheim
34%
SV Post Schwerin
33%
Dessauer SV ZAB
32%
TuSpo Nürnberg
32%
SV Bayer 04 Leverkusen
29%
EHV Wismut Aue
28%
HC Wuppertal
28%
SG Leutershausen
28%
Eintracht Hildesheim
27%
BSV Solingen 98
26%
SC Cottbus
26%
TV Emsdetten
26%
Wilhelmshavener HV
26%
TSV Milbertshofen
25%
TuS Eintracht Wiesbaden
24%
TuS Schutterwald
23%
Polizei SV Hannover
22%
Stralsunder HV
22%
TV 08 Niederwürzbach
22%
VfL Fredenbeck
22%
SG VfL/BHW Hameln
21%
BSV Stahl Brandenburg
19%
MTSV Schwabing
19%
OSC 04 Rheinhausen
19%
SC Leipzig
19%
Berliner SV 1892
18%
RSV Mülheim
18%
TSV Altenholz
18%
TuS Hofweier
18%
TV 08 Willstätt
18%
VfL Günzburg
18%
VfL Pfullingen
18%
HSV Suhl
17%
SV Blau-Weiß Spandau
17%
TS Esslingen 1890
17%
TSV Scharnhausen
17%
TV 1893 Neuhausen
17%
1. SV Concordia Delitzsch
16%
HC TuRa Bergkamen
16%
SG Dietzenbach
16%
SpVgg 1887 Möhringen
16%
TSV 1896 Rintheim
16%
TSV Birkenau
16%
TuS 05 Wellinghofen
16%
TuS 1860 Neunkirchen
16%
TuS Derschlag 1881
16%
TV Eitra 1910
16%
TV Hochdorf
16%
DSC Wanne-Eickel
15%
SC Phönix Essen 1920
15%
SV St. Georg 1895
15%
TSB Flensburg
15%
TSV 1861 Zirndorf
15%
TSV Jahn Gensungen
15%
TV Grambke Bremen
15%
VfL Heppenheim
15%
TSG Oßweil
14%
TS Steinheim 1874
14%
TSV 1846 Butzbach
14%
TV Oppum 1894
14%
Keine übereinstimmenden Quizze gefunden
Verteilung der Resultate
Anzahl Personen mit jedem Resultat
Perzentil nach korrekt beantworteten Fragen
Ihre Resultats-Entwicklung
Sie haben dieses Quiz noch nicht gespielt